Rozpoznaj markę po modelu - Statystyki

Ogólne statystyki
  • Ten quiz został rozwiązany 49 razy
  • Średni wynik to 11 z 15
Statystyki odpowiedzi
Hint Odpowiedź % Poprawnych
Ibiza seat
95%
auris toyota
95%
911 (992) porsche
88%
Seria 8 BMW
86%
charger dodge
84%
F-150 ford
84%
scirocco volkswagen
84%
signum opel
81%
S60 volvo
79%
diablo lamborghini
74%
CX-60 mazda
74%
yeti skoda
72%
Optima kia
65%
9-3 saab
49%
595 Competizione abarth
12%
Nie znaleziono quizów pasujących do podanych kryteriów
Rozkład punktacji
Procent ludzi z każdym wynikiem
Percentyl według liczby udzielonych odpowiedzi
Twoja historia wyników
Nie rozwiązałeś tego quizu